| 000 | 00687nmm a2200217Ia 4500 | ||
|---|---|---|---|
| 008 | 251105s9999||||xx |||||||||||||||||und|| | ||
| 020 | _a9788497880282 | ||
| 041 | _aspa | ||
| 100 | _aMiralbell Izard, Oriol | ||
| 245 | 0 | _aGestión pública del turismo | |
| 264 |
_a[Madrid, España] : _bUniversitat Oberta de Catalunya, _c2010 |
||
| 300 | _a328 páginas | ||
| 650 | _aEconomics and Business | ||
| 700 | _aMiralbell Izard, Oriol | ||
| 700 | 1 | _a Arcarons i Simon, Ramon | |
| 700 | 1 | _a Capellà i Hereu, Josep | |
| 700 | 1 | _a González Reverté, Francesc | |
| 700 | 1 | _a Pallàs i de Pineda, Josep Maria | |
| 856 | _uhttps://public.digitaliapublishing.com/a/20185 | ||
| 942 | _cCF | ||
| 999 |
_c68870 _d68870 |
||